000 00685cam a2200229 a 4500
008
020 _a0536967261 (pbk.)
049 _aMAIN
090 _aHF5691
_bBUT
100 1 _aButler, Becke.
245 1 0 _aBusiness math /
_ccompiled by Becke Butler and Becky Kellum.
260 _aUpper Saddle River :
_bPearson Custom Publishing,
_cc2005.
300 _axix, 858 p. :
_bill (some col). ;
_c31 cm. +CD-ROM.
500 _aIncludes index.
650 0 _aBusiness mathematics.
700 1 _aBecky Kellum.
907 _a.b10344470
_b15-10-14
_c10-07-14
003
005 20230120144456.0
040 _cNUST
942 _cBOOKS
_kHF5691
_mBUT
999 _c97544
_d97544